| 000 | 00786nam a2200205 i 4500 | ||
|---|---|---|---|
| 001 | 136883 | ||
| 003 | ES-MaACL | ||
| 005 | 20250728093502.0 | ||
| 007 | t| | ||
| 008 | 070214s1971 sp r ||||1| spa d | ||
| 245 | 0 | 0 |
_aVíctor Said Armesto : _b(datos para una biografía) / _ccon una carta inédita de Don Miguel de Unamuno. |
| 260 |
_aMadrid : _b[s.n.], _c1971 ( _fGráf. Aro) |
||
| 300 |
_a78 p. : _bil. ; _c24 cm. |
||
| 594 | _aIncluye (p. [55]-78): Velada-Homenaje a la memoria de Víctor Said-Armesto, Ateneo de Madrid, 12 de febrero de 1915. | ||
| 600 | 1 | 4 |
_aSaid Armesto, Víctor, _d1871-1914 _9101488 |
| 610 | 2 | 4 |
_aAteneo de Madrid- _vVeladas literarias. _91935 |
| 700 | 1 |
_aUnamuno, Miguel de, _d1864-1936 _9111982 |
|
| 852 |
_aES-MaACL _jC-43096 |
||
| 999 |
_c136883 _d136883 |
||